| 000 | 00523nam a22002057a 4500 | ||
|---|---|---|---|
| 003 | OSt | ||
| 008 | 230327b |||||||| |||| 00| 0 eng d | ||
| 020 | _a9789353165772 | ||
| 082 | _a658.5 LED | ||
| 100 | _aLEVI,David Simchi | ||
| 245 | _aDesigning and Managing the Supply Chain | ||
| 250 | _a3rd | ||
| 260 |
_aNew Delhi _bTMH _c2020 |
||
| 300 | _a531 | ||
| 650 | _aDesigning and Managing the Suppy Chain | ||
| 700 | _aKIMANSKY,Philip | ||
| 700 | _aLEVI,Edith Simchi | ||
| 700 | _aSHANKARL,Ravi | ||
| 942 |
_2ddc _cREF |
||
| 999 |
_c11905 _d11905 |
||